Statistics for European Geography by Letter - C

Click here to take the quiz!

General Stats

  • This quiz has been taken 200 times
  • The average score is 17 of 20

Answer Stats

HintAnswer% Correct
Capital of DenmarkCopenhagen
100%
Prague is the capital of this countryCzechia
100%
Country with a coast on the Adriatic SeaCroatia
98%
Capital of WalesCardiff
96%
Largest island of GreeceCrete
96%
Barcelona is the capital and largest city of this autonomous community of SpainCatalonia
95%
Country the above was part of from 1918-1992Czechoslovakia
94%
Language group including Irish, Welsh, and Scottish GaelicCeltic
92%
Capital of MoldovaChisinau
91%
Name for the subdivisions of Switzerlandcanton
90%
Mountain range in Armenia, Azerbaijan, Georgia, and Russia, separating Europe from AsiaCaucasus
89%
Fourth-largest city of Germany, with a cathedral that was the tallest building in the world in the 1880sCologne
89%
French island in the Mediterranean southeast of mainland FranceCorsica
88%
One of the Seven Wonders of the Ancient World, which was located on the Greek island of RhodesColossus of Rhodes
82%
Frankish emperor who united most of western EuropeCharlemagne
80%
Mountain range in Romania, Slovakia, Poland, Ukraine, and SerbiaCarpathian Mountains
79%
County in southwest England included in the above cultural groupCornwall
72%
Republic of Russia that fought two independence wars in the 1990s and 2000sChechnya
62%
Greek island in the far northwest of the countryCorfu
56%
Greek city on the isthmus that connects mainland Greece with the Peloponnese peninsulaCorinth
42%

Score Distribution

Percentile by Number Answered

Percent of People with Each Score

Your Score History

You have not taken this quiz